| 000 | 00373 a2200109 4500 | ||
|---|---|---|---|
| 001 | ART_5581 | ||
| 005 | 20260410161827.0 | ||
| 008 | 260409a | ||
| 245 | 1 | 0 | _aPrincipales determinantes de los precios de la tierra en la zona pampeana 1950-1985 |
| 100 | 1 | _aPeri, Graciela | |
| 773 | 0 |
_tEstudios Económicos _g- Vol. 6, Nº 11/12 (ene./dic. 1988) _wREV5080 |
|
| 999 |
_c22918 _d22918 |
||